[Event "2025 Spring TNM: 1600-1999"]
[Site "San Francisco"]
[Date "2025.04.15"]
[Round "7.15"]
[White "Ploquin, Phil"]
[Black "Stults, Sawyer"]
[Result "1-0"]
[Annotator "Winslow,Elliott"]
[WhiteElo "1665"]
[BlackElo "1424"]
[PlyCount "39"]
[Beauty "8247679385607"]
[GameId "2167480724725054"]
[EventDate "2025.??.??"]

{[%evp 0,11,7,16,22,66,20,5,-62,20,0,-1,18,8]} 1. e4 e5 2. Nf3 Nc6 3. d4 exd4 4. Nxd4 Bc5 5. Be3 (5. Nb3 Bb6 (5... Bb4+) 6. Nc3 Nf6 7. Qe2) (5. Nxc6 $5 Qf6 6. Qd2 (6. Qf3)) 5... Qf6 6. c3 {Since 1860!} Nge7 7. Bc4 O-O (7... Ne5 $5) (7... d6) (7... b6 $5) 8. O-O Bb6 9. Qd2 (9. Bb3) ({Relevant:} 9. Nc2 d6 10. Bxb6 axb6 11. Nba3 Bd7 12. f4 Qg6 13. Qf3 Kh8 14. Ne3 f5 15. Bd3 fxe4 16. Bxe4 Qh6 17. Qg3 Ra5 18. Rae1 Be6 19. Ng4 Bxg4 20. Qxg4 Rh5 21. h3 Rh4 22. Qg3 d5 23. Bd3 Rhxf4 24. Rxf4 Rxf4 25. Nb5 Qf6 26. Qe3 g6 27. Nxc7 d4 28. cxd4 Qxd4 29. Ne6 Qxe3+ 30. Rxe3 Rf6 31. Bc4 h6 32. Rd3 Ne5 33. Rd8+ Kh7 34. Nf8+ Kg7 35. Ne6+ Kh7 36. Bb3 Nf5 37. Nf8+ Kg7 38. Nd7 Nxd7 {Amonatov,F (2622)-Tsydypov,Z (2533) Vladivostok 2022 1-0}) 9... h6 10. Na3 d6 {[#]} (10... a6) 11. Nxc6 $146 ({Predecessor:} 11. Rae1 Bd7 12. Bb3 Rad8 13. Ndb5 Rc8 14. Bxb6 axb6 15. f4 Be6 16. Nc4 Na5 17. Nxa5 bxa5 18. Nd4 Bxb3 19. axb3 Nc6 20. Nf5 Rfe8 21. Qd3 Qe6 22. Qb5 Qd7 23. Re3 Kh7 24. Nd4 Rb8 25. h3 Red8 26. Nf3 Ra8 27. Rd1 Kg8 28. Nh4 Ne7 29. Qxd7 Rxd7 30. e5 d5 31. f5 g5 32. fxg6 fxg6 33. Rf1 d4 34. Rd3 Rad8 35. Rfd1 dxc3 36. Rxd7 Rxd7 37. Rxd7 c2 38. Rxe7 c1=Q+ 39. Kh2 Qg5 40. Re8+ Kf7 {Christiansen,J (2571)-Moroni,L (2553) Porto Mannu 2019 0-1}) 11... bxc6 $5 (11... Nxc6 12. Bxb6 axb6 13. f4 $14) 12. Nc2 d5 13. Bxb6 cxb6 $6 (13... axb6 $1) 14. exd5 Rd8 15. Ne3 (15. Qd4 $5) 15... b5 (15... Be6) 16. Be2 Nxd5 17. Bf3 Qg5 18. Rad1 {[#]} Bh3 $4 (18... Be6 $11) 19. Nxd5 Rxd5 20. Bxd5 1-0

[Event "2025 Spring TNM: 1600-1999"]
[Site "San Francisco"]
[Date "2025.04.15"]
[Round "7.16"]
[White "Yan, Rayna"]
[Black "Pickering, Carl Anthony"]
[Result "1-0"]
[WhiteElo "1642"]
[BlackElo "1634"]
[PlyCount "91"]
[Beauty "7284398751750"]
[GameId "2167480724725055"]
[EventDate "2025.??.??"]

1. d4 d5 2. c4 e5 3. dxe5 d4 4. Nf3 Nc6 5. Nbd2 Nge7 6. Nb3 Ng6 7. Nbxd4 Nxd4 8. Qxd4 Bb4+ 9. Bd2 Bxd2+ 10. Qxd2 Qxd2+ 11. Kxd2 Bg4 12. e3 Bxf3 13. gxf3 Nxe5 14. f4 O-O-O+ 15. Kc2 Nf3 {[#]} 16. Bh3+ Kb8 17. Rad1 c6 18. Bg4 Nh4 19. Rxd8+ Rxd8 20. Rd1 Rxd1 21. Kxd1 Ng6 {[#]} 22. Bh5 Kc7 23. Bxg6 hxg6 24. Kd2 Kd6 25. b4 b6 26. Kd3 a6 27. Kd4 c5+ 28. bxc5+ bxc5+ 29. Ke4 Ke6 30. a4 a5 31. f3 Kd6 32. f5 g5 33. h3 f6 34. f4 gxf4 35. exf4 {[#]} Kc6 36. Kf3 Kd6 37. Kg4 Ke7 38. Kh5 Kf7 39. h4 Kg8 40. Kg6 Kf8 41. h5 Kg8 42. h6 gxh6 43. Kxh6 Kf7 44. Kh7 Kf8 45. Kg6 Ke7 46. Kg7 1-0

[Event "2025 Spring TNM: 1600-1999"]
[Site "San Francisco"]
[Date "2025.04.15"]
[Round "7.17"]
[White "Chan, John"]
[Black "Tam, Hoa Long"]
[Result "1-0"]
[WhiteElo "1520"]
[BlackElo "1589"]
[PlyCount "137"]
[Beauty "5914438421029"]
[GameId "2167480724725056"]
[EventDate "2025.??.??"]

1. c4 e5 2. Nc3 Nc6 3. e3 f5 4. a3 a5 5. Nge2 Bc5 6. d4 exd4 7. exd4 Ba7 8. Be3 Nf6 9. h3 d6 10. Rc1 O-O 11. g3 Ne7 12. Bg2 c6 13. O-O d5 14. c5 h6 15. b4 Bb8 16. b5 Ne4 17. b6 {[#]} Ng6 18. Nxe4 fxe4 19. Qd2 Rf6 20. a4 Be6 21. Qc2 Qd7 22. Kh2 Nh4 23. Ng1 Nf3+ 24. Bxf3 exf3 25. Qd2 Bf5 26. Rc3 Be4 27. Qc1 Qf5 28. Qd2 Qh5 29. Re1 Qf7 30. Ra3 {[#]} Bxg3+ 31. fxg3 f2 32. Rf1 fxg1=Q+ 33. Rxg1 Rf3 34. Ra2 Qf6 35. Bf4 Rd3 36. Qf2 Qxd4 37. Rf1 Qxf2+ 38. Raxf2 Rc3 39. Bd6 Ra3 40. Rf8+ Rxf8 41. Rxf8+ Kh7 42. Rb8 d4 43. Rxb7 d3 44. Bf4 Ra2+ 45. Kg1 d2 46. Bxd2 Rxd2 47. Ra7 Rb2 48. Rxa5 Kg6 49. Ra7 Kf6 50. Rd7 Bf3 51. Rc7 Be4 52. a5 Rb1+ 53. Kf2 Bd3 54. Rxc6+ Ke5 55. Rd6 Rb2+ 56. Ke3 Ba6 57. Rd7 g5 58. Ra7 Bc8 59. a6 Bxh3 60. Rc7 Rb3+ 61. Kd2 Kd4 62. a7 Rb2+ 63. Ke1 Bg2 64. c6 Ke3 65. Re7+ Kf3 66. a8=Q Kxg3 67. Qb8+ Kh4 68. c7 Bh3 {(both scoresheets say "68...Ba3")} 69. Re4+ 1-0

[Event "2025 Spring TNM: 1600-1999"]
[Site "San Francisco"]
[Date "2025.04.15"]
[Round "7.18"]
[White "Schaezlein, Charlie"]
[Black "Siegel, David"]
[Result "1/2-1/2"]
[Annotator "Siegel,David"]
[WhiteElo "1473"]
[BlackElo "1446"]
[PlyCount "133"]
[Beauty "4813987291727"]
[GameId "2167842464247296"]
[EventDate "2025.??.??"]

{[%evp 13,133,197,263,36,237,54,61,35,33,1,25,-3,-6,-5,-2,-2,-4,-15,-18,-21,-18,-34,204,201,159,185,220,84,103,13,148,40,59,0,3,0,0,-25,-24,-25,-28,-32,-35,-67,-70,-74,-76,-329,-312,-338,-295,-329,-267,-307,-156,-405,-412,-481,-445,-518,-515,-568,-399,-596,-598,-602,-593,-593,-564,-546,-498,-621,-613,-615,-610,-593,-586,-612,0,0,0,0,0,0,0,0,0,0,0,0,0,0,0,0,0,0,0,0,0,0,0,0,0,-61,0,0,0,0,0,0,0,0,0,0,0,0,0,0,0,0,0,0]} 1. e4 c5 2. c3 d5 3. exd5 Qxd5 4. d4 cxd4 5. Nf3 Nc6 6. cxd4 Nf6 7. Nc3 Qd8 {[%eval 263,23] [%wdl 998,2,0] It may be +2.2 for white but there are still three games in the master's database with this position so that makes this theory right? I was lucky d5 didn't come earlier.} (7... Qe6+ {[%eval 197,26] [%wdl 979,21,0] was necessary.} 8. Be2 Nd5) 8. Bb5 $2 {[%eval 36,30] [%wdl 74,921,5] B22: Sicilian: 2 c3.} (8. d5 $18 {[%eval 263,23] [%wdl 998,2,0]}) 8... Bd7 {[%eval 237,23] [%wdl 995,5,0] [#]} (8... e6 $14 {[%eval 36,30] [%wdl 74,921,5]}) 9. O-O $2 {[%eval 54,32] [%wdl 138,860,2]} ({Only move:} 9. d5 $1 $18 {[%eval 237,23] [%wdl 995,5,0][%cal Rd5c6]}) 9... e6 $1 $14 10. Re1 {White is slightly better.} Be7 11. d5 exd5 12. Nxd5 Nxd5 13. Qxd5 O-O $1 14. Bf4 $36 {[%mdl 2048] White has some pressure.} a6 15. Bxc6 $146 ({Predecessor:} 15. Ba4 Rc8 16. Rad1 Be6 17. Qe4 Qb6 18. Bc2 g6 19. Bh6 Rfe8 20. Qf4 Bf8 21. Bxf8 Rxf8 22. Qh6 f6 23. Rxe6 Ne5 24. Rxb6 Rxc2 25. Nxe5 fxe5 26. Rxb7 {1-0 (26) Cokan,M (1842)-Ramadani,S (1635) Nova Gorica 2011}) 15... Bxc6 16. Qxd8 Bxd8 {Although the bishop is misplaced on d8, it is also pretty mobile on an open board. After the rocky start, I finally felt good about the position. With even material and the bishop pair on an open board, it felt like black was winning. But then I missed the coming tactic.} 17. Nd4 {and Nxc6 would now be decisive} Bd5 {[%eval 204,31] [%wdl 998,2,0] Black is weak on the dark squares} (17... Bd7 $15 {[%eval -34,29] [%wdl 0,979,21]}) 18. Bd6 $18 {I spent a huge amount of time trying to calculate a counterattack of the white rook with Ba5, but nothing worked.} Bf6 (18... Ba5 $2 19. Re5 Rad8 20. Rxd5 $18) 19. Bxf8 Kxf8 20. Nb3 {[%eval 84,29] [%wdl 286,714,0]} (20. Red1 $18 {[%eval 220,30] [%wdl 999,1,0]}) 20... Bxb2 $16 {My opponent spent a very long time thinking here, but when we went over the game afterwards we think he was just seeing ghosts.} 21. Rab1 {[%eval 13,30] [%wdl 6,993,1]} (21. Rad1 $16 {[%eval 103,27] [%wdl 547,453,0]} Bc6 22. Rb1) 21... Bc3 {[%eval 148,25] [%wdl 943,57,0]} (21... Ba3 $1 $11 {[%eval 13,30] [%wdl 6,993,1]}) 22. Re3 {[%eval 40,32] [%wdl 30,970,0]} (22. Red1 $16 {[%eval 148,25] [%wdl 943,57,0]} Be6 23. Nc5 {[%csl Ob7][%mdl 64] Discovered Attack} Bxa2 24. Rxb7) 22... Bf6 23. Rbe1 {[%eval 0,40] [%wdl 3,994,3]} (23. Nc5 $14 {[%eval 59,24] [%wdl 84,916,0]} Bd4 24. Rd3 (24. Nxb7 $2 Bxe3 25. fxe3 Rb8 $19) 24... Bxa2 25. Nd7+ (25. Rxd4 Bxb1 26. Nxb7 Rb8 $17) 25... Ke7 26. Rxb7) 23... g6 24. Nc5 Bxa2 {My opponent told me after the game that this was just a mistake, he thought Nd7 would win a piece. A strong pair of Bishops.} 25. Nd7+ Kg7 26. Nxf6 Kxf6 $11 {[%mdl 4096] Endgame KRR-KRB} 27. Rf3+ Kg7 28. Re7 {[%cal Of3a3]} b5 {Suddenly things are very scary for White. Somehow I went from down an exchange to playing for the win.} 29. Ra3 $1 Bc4 30. Rb7 $2 {[%eval -329,22] [%wdl 0,0,1000][%mdl 8192]} (30. Ra5 $17 {[%eval -76,28] [%wdl 0,797,203]}) 30... a5 $19 31. f4 a4 32. Kf2 Re8 33. Re3 Rd8 {[%eval -156,24] [%wdl 0,38,962]} ({Black should try} 33... Ra8 $19 {[%eval -307,22] [%wdl 0,0,1000] ...a3 would now be deadly.} 34. Ra3 Kf6 35. Rb6+ Ke7) 34. Ke1 $2 {[%eval -405,20] [%wdl 0,0,1000]} (34. g4 $17 {[%eval -156,24] [%wdl 0,38,962]}) 34... Ra8 35. Ra3 Re8+ 36. Kf2 Re2+ 37. Kg3 Rd2 {[%cal Od2g2]} 38. Ra1 {[%eval -596,16] [%wdl 0,0,1000] [#]} (38. f5 $142 {[%eval -399,22] [%wdl 0,0,1000]} Rb2 (38... gxf5 $2 39. Rb6 $19) 39. Rd7) 38... Rxg2+ $3 {[%mdl 576] The computer doesn't love taking the pawn (I get the rook back with a fork). I was hoping that my bishop could hold everything together while my king gobbled up the isolated pawns, but I didn't have time to calculate it. Decoy} 39. Kh3 Be6+ 40. Kxg2 Bd5+ 41. Kf2 Bxb7 {KR-KB} 42. Ke3 Bd5 43. Kd4 Bc4 44. Ke5 h5 45. h4 f6+ $2 {[%eval 0,71] [%wdl 3,994,3] I missed an amazing zugzwang here but I was just too low on time. From this point on, the computer thinks the game is a draw. A little bit disappointing but fair considering the way the game went. Exciting stuff!} (45... Be6 $19 {[%eval -612,22] [%wdl 0,0,1000]} 46. Ra3 Bc4) 46. Kd4 $1 $11 Kh6 47. Rg1 a3 48. Kc3 a2 49. Kb2 b4 50. Rc1 Bf7 51. Rc7 Kg7 52. Rc6 b3 53. Rc7 g5 54. fxg5 fxg5 55. hxg5 Kg6 56. Rd7 h4 57. Re7 Bd5 {[%cal Oh4h3]} 58. Re8 {[%eval -61,39] [%wdl 0,910,90]} ({White should play} 58. Re5 $11 {[%eval 0,76] [%wdl 3,994,3]}) 58... Bf3 {[%eval 0,78] [%wdl 3,994,3]} ({Of course not} 58... Kxg5 59. Re5+ Kg4 60. Rxd5 $11) (58... h3 $1 $15 {[%eval -61,39] [%wdl 0,910,90]} 59. Re2 Kh5 (59... Kxg5 60. Re5+ Kh4 61. Rxd5 $11)) 59. Rg8+ {The position is equal.} Kh7 (59... Kh5 $5 60. g6 $8 Kh6 $15) 60. Rf8 Bg2 61. Rf6 h3 62. Re6 Kg7 63. Rh6 $1 {Repels h2} Bf1 64. Ka1 Bg2 65. Kb2 Bf1 66. Ka1 Bg2 {White used his chance. An exciting game.   Weighted Error Value: White=0.45/Black=0.39} 67. Kb2 1/2-1/2

[Event "2025 Spring TNM: 1600-1999"]
[Site "San Francisco"]
[Date "2025.04.15"]
[Round "7.19"]
[White "Cesares, Nick Jr"]
[Black "Powers, Christopher"]
[Result "0-1"]
[Annotator "Powers,Christopher/Winslow,Elliott"]
[WhiteElo "1600"]
[BlackElo "1818"]
[PlyCount "46"]
[Beauty "8247679387144"]
[GameId "2167562361398707"]
[EventDate "2025.??.??"]

{[%evp 0,46,20,19,9,-12,-63,-51,-25,-25,-24,-36,-38,-46,-23,-52,-50,-63,-60,-61,-69,-157,-92,-171,-167,-195,-208,-207,-207,-213,-209,-357,-233,-300,-208,-279,-358,-370,-403,-560,-469,-583,-561,-608,-664,-552,-686,-676,-615]} 1. e4 e5 2. f4 exf4 3. Bc4 {The less common move, luckily I've prepared for it before} Nc6 {The idea here is Ne5 will be a resource that gains tempo and defends f7 and g4} (3... Qh4+ 4. Kf1 {Is fine for White}) 4. Nf3 g5 5. O-O (5. h4 {Not great here given the Ne5 resource} g4 6. Ng5 Ne5 7. Bb3 h6 8. d4 hxg5 9. dxe5 Bg7 {See Mieses,J-Chigorin,M Vienna 1903}) (5. d4 {(Louis Paulsen-Blachly, New York 1857! - ew)} Bg7 $15 (5... g4 $5 $15 6. O-O $1 ({ew - For you positional, Steinitzian players:} 6. c3 gxf3 7. O-O fxg2 $2 (7... Ne5 $1 8. dxe5 (8. Bxf4 Nxc4 9. Qxf3 Qf6 $19) 8... Bc5+ 9. Kh1 fxg2+ 10. Kxg2 Nh6 {[%csl Rg2][%cal Gh8g8,Gg8g2,Gd7d5]} 11. Qh5 Rg8+ 12. Kh1 d5 $1 {and the only good move, too!}) 8. Bxf7+ $1 $11 Kxf7 9. Qh5+ Ke7 $4 (9... Kg7 10. Qg4+ Kf7 11. Qh5+ $11) 10. Rxf4 $18 Nh6 (10... Nf6 11. Rxf6) 11. Rxf8 (11. Rf2 $1) 11... Qxf8 12. Bg5+ Ke6 13. d5+ Kd6 14. Nd2 $6 (14. Na3 $1) 14... Kc5 $2 (14... Ne5 $1 15. Bxh6 Qf6 16. Bg5 Qg6 (16... Qf8 17. Qh4 $18) 17. Be7+ $1 Kxe7 18. Qxe5+ Kf7 19. Qxh8 $18) 15. Be3+ Kb5 (15... Kd6 16. Nc4+ Ke7 17. Bg5+) 16. Qe2+ (16. a4+ $1 {one move faster}) 16... Ka5 17. Nb3+ (17. Nc4+ $1 {*two* moves faster!}) 17... Ka4 18. Qc4+ Nb4 19. Nc5+ {1-0 (19) Steinitz,W-Lange,M Vienna 1860}) 6... gxf3 7. Qxf3 Qe7 $15 {/}) 6. h4 h6 7. hxg5 hxg5 8. Rxh8 Bxh8 {Black is also fine here, see Loman,R-Euwe,M Amsterdam 1920}) 5... Bg7 (5... d6 {This is the model game I had seen previously} 6. d4 Bg7 7. c3 h6 8. g3 Bh3 9. gxf4 Bxf1 10. Qxf1 gxf4 11. Bxf4 Qf6 12. Bg3 O-O-O 13. Nbd2 Nge7 14. Qh3+ Kb8 15. Rf1 Qg6 16. Nh4 Qg5 17. Nhf3 Qg6 18. Nh4 Qh7 19. b4 Rdf8 20. b5 Nd8 21. Qd7 Nc8 22. Nf5 Nb6 23. Qe7 Re8 24. Qh4 Qg6 25. Qh3 Bf6 26. Bd3 Bg5 27. Nb3 Ne6 28. Qg2 Rhg8 29. e5 d5 30. Nc5 Nf4 31. Rxf4 Bxf4 32. a4 Bxg3 33. hxg3 Rd8 34. a5 Qh5 35. a6 Qd1+ 36. Kh2 Na4 37. Be2 Qc2 38. Ne7 Nxc5 39. dxc5 Qxc3 40. Qf2 Qxe5 41. Nxg8 Rxg8 42. axb7 Kxb7 43. b6 axb6 44. cxb6 h5 45. Kg2 h4 46. g4 Qg3+ {0-1, Spielmann,R-Gruenfeld,E Karlsbad 1923}) 6. d4 d6 {Main line so far (but Black is already solid and clearly better (SF17.1: -1.37/26) - EW)} 7. h3 (7. c3) 7... h6 8. a3 Nf6 9. Nc3 O-O 10. Nh2 Re8 11. Re1 d5 12. exd5 Rxe1+ 13. Qxe1 Nxd4 14. Qf2 Nh5 15. Ne4 Bf5 16. c3 Bxe4 17. cxd4 Ng3 18. Nf3 Bxd5 19. b3 Bxf3 20. Bb2 Bd5 21. Rd1 Qd7 22. Re1 Bxc4 23. bxc4 Re8 0-1

[Event "2025 Spring TNM: 1600-1999"]
[Site "San Francisco"]
[Date "2025.04.15"]
[Round "7.20"]
[White "Harris, Clarence"]
[Black "Touset, Stephen"]
[Result "1-0"]
[WhiteElo "1400"]
[BlackElo "1600"]
[PlyCount "59"]
[Beauty "8246605644295"]
[GameId "2167480724725059"]
[EventDate "2025.??.??"]

1. e4 c5 2. Nc3 Nc6 3. g3 g6 4. Bg2 Bg7 5. d3 Nf6 6. Nf3 O-O 7. O-O d6 8. Re1 e5 9. Bd2 Rb8 10. Qc1 Be6 11. Bh6 Qd7 12. Bxg7 Kxg7 13. Ng5 Nd4 14. Nxe6+ fxe6 15. Ne2 Nxe2+ 16. Rxe2 b5 17. h3 c4 18. Qe3 d5 19. exd5 exd5 20. dxc4 bxc4 21. c3 Rb6 22. Rd2 Qe6 23. Re1 e4 24. Qd4 Rg8 25. Kh2 Rgb8 26. Ree2 Qf5 27. Qe3 a5 28. g4 Qe5+ 29. f4 exf3+ 30. Qxe5 1-0

[Event "2025 Spring TNM: u1600"]
[Site "San Francisco"]
[Date "2025.04.15"]
[Round "7.6"]
[White "Zhao, Brandon"]
[Black "Bayaraa, Bilguun"]
[Result "1/2-1/2"]
[Annotator "TA"]
[WhiteElo "1280"]
[BlackElo "1503"]
[PlyCount "75"]
[Beauty "6258841160714"]
[GameId "2167480724725060"]
[EventDate "2025.??.??"]

{[%evp 11,75,0,11,2,22,19,80,47,49,22,27,2,3,0,0,0,8,-14,0,0,0,3,29,27,31,23,34,23,57,31,39,28,40,41,59,47,309,-406,0,-502,-486,-857,456,450,515,505,542,537,520,466,436,43,51,5,0,7,2,0,17,0,0,0,0,0,0,0]} 1. e4 {[%emt 0:00:02]} c5 {[%emt 0:07:44]} 2. c4 {[%emt 0:00:13]} Nc6 {[%emt 0:00:12]} 3. Nc3 {[%emt 0:00:22]} g6 {[%emt 0:00:24]} 4. g3 {[%emt 0:00:15]} Bg7 {[%emt 0:00:43]} 5. Nge2 {[%emt 0:00:15]} d6 {[%emt 0:00:30]} 6. Bg2 {[%emt 0:00:17]} Bd7 {[%emt 0:01:47]} 7. d3 {[%emt 0:01:17]} e6 {[%emt 0:00:45]} 8. O-O {[%emt 0:01:46]} Rb8 {[%eval 80,23] [%wdl 330,668,2] [%emt 0:01:18] [#]} (8... Nge7 $11 {[%eval 19,30] [%wdl 54,932,14]}) 9. Rb1 $146 {[%emt 0:01:45] White is better.} (9. Be3 e5 10. Qd2 h5 11. h3 Nge7 12. Kh2 h4 13. g4 a6 14. f4 exf4 15. Nxf4 {0-1 (47) Olszewski,J (1915)-Jagiela,P (1969) Rowy 2009}) 9... Nge7 {[%emt 0:00:48]} 10. Bf4 {[%emt 0:01:33]} e5 {[%emt 0:05:47]} 11. Be3 {[%emt 0:01:41]} a6 {[%emt 0:00:34]} 12. f4 {[%emt 0:01:08]} Nd4 {[%emt 0:06:17]} 13. fxe5 {[%emt 0:03:13]} dxe5 {[%emt 0:02:10]} 14. Bg5 {[%emt 0:03:03]} h6 {[%emt 0:09:10]} 15. Bxe7 {[%emt 0:05:51]} Qxe7 {[%emt 0:00:10] Successful Defense Black} 16. Nd5 {[%emt 0:00:52]} Nxe2+ {[%emt 0:03:34]} 17. Qxe2 {[%emt 0:00:12]} Qd6 {[%emt 0:01:07]} 18. Rf2 {[%emt 0:12:55]} O-O {[%emt 0:01:35]} 19. Rbf1 {[%emt 0:01:51]} Rbd8 {[%emt 0:02:42]} 20. Kh1 {[%emt 0:08:48]} Be6 {[%emt 0:03:03]} 21. Qe3 {[%emt 0:08:55]} Kh7 {[%emt 0:02:25]} 22. h4 {[%emt 0:03:19]} h5 {[%emt 0:03:37]} 23. Kh2 {[%emt 0:02:48]} Bg4 $2 {[%eval 309,27] [%wdl 1000,0,0] [%emt 0:00:28][%mdl 8192] [#]} (23... f5 $14 {[%eval 47,29] [%wdl 71,928,1]}) 24. Rf4 $4 {[%eval -406,22] [%wdl 0,0,1000] [%emt 0:04:22][%mdl 8192]} f6 $2 {[%eval 0,33] [%wdl 8,985,7]} (24... exf4 $19 {[%eval -406,22] [%wdl 0,0,1000]} 25. gxf4 Bd4 (25... Bxb2 $2 26. e5 $19)) 25. Rxf6 $2 {[%eval -502,22] [%wdl 0,0,1000][%mdl 8192]} Rxf6 $19 26. Rf4 {[%eval -857,23] [%wdl 0,0,1000] [%emt 0:07:54] [#]} (26. Nxf6+ $142 {[%eval -486,24] [%wdl 0,0,1000]} Bxf6 27. Bh3) 26... Rf7 $4 {[%eval 456,27] [%wdl 1000,0,0][%mdl 8192]} 27. Rxf7 $18 Kg8 {[%emt 0:13:48]} 28. Rxb7 {[%emt 0:04:06]} Rb8 {[%emt 0:03:38]} 29. Rxb8+ {[%emt 0:01:48]} Qxb8 {[%emt 0:00:11]} 30. b3 {[%emt 0:00:54]} Qf8 {[%emt 0:00:19]} 31. Bh3 $2 {[%eval 43,33] [%wdl 35,965,0] [%emt 0:03:03]} (31. b4 $18 {[%eval 436,22] [%wdl 1000,0,0]}) 31... Bh6 $1 $14 {[%emt 0:01:04] This pair of bishops is nice.} 32. Qe1 {[%eval 5,31] [%wdl 4,994,2] [%emt 0:04:13]} (32. Qg1 $1 $14 {[%eval 51,35] [%wdl 54,946,0]} Bxh3 33. Kxh3) 32... Bxh3 $1 $11 {[%emt 0:04:27] The position is equal.} 33. Kxh3 {[%emt 0:00:28] KQB-KQN. White is two pawns up.} Qf3 {[%emt 0:00:25]} 34. Qg1 {[%emt 0:09:19]} Qxd3 {[%emt 0:03:25]} 35. Qxc5 {[%emt 0:00:52]} Qf1+ {[%emt 0:02:02]} 36. Kh2 {[%emt 0:00:23]} Qe2+ {[%emt 0:00:27]} 37. Kh3 {[%emt 0:03:15] Strongly threatening Qg1.} Qf1+ {[%emt 0:00:45]} {A fantastic game!   Weighted Error Value: White=0.72/Black=0.52} 38. Kh2 {[%emt 0:00:22]} 1/2-1/2

[Event "2025 Spring TNM: u1600"]
[Site "San Francisco"]
[Date "2025.04.15"]
[Round "7.22"]
[White "Karwat, Joseph"]
[Black "Fitzgerald, William"]
[Result "1-0"]
[WhiteElo "1315"]
[BlackElo "1311"]
[PlyCount "102"]
[Beauty "6940977532425"]
[GameId "2167480724733253"]
[EventDate "2025.??.??"]

1. e4 e5 2. Nf3 Nc6 3. Bb5 a6 4. Bxc6 dxc6 5. O-O Bg4 6. h3 h5 7. d3 Bc5 8. Bg5 Bxf3 9. Bxd8 Bxd1 10. Bxc7 Bxc2 11. Rc1 Bxb1 12. Rxc5 b6 13. Rc3 Ra7 14. Bxe5 f6 15. Bf4 Bxd3 16. Rxd3 Rd7 17. Rad1 Rxd3 18. Rxd3 Ne7 19. Bc7 Kf7 20. Bxb6 Rb8 21. Bc5 Rb5 22. b4 Rb7 23. Ra3 f5 24. Rxa6 fxe4 25. Ra7 Rxa7 26. Bxa7 Ke6 27. Kf1 Nd5 28. a3 g5 29. Bd4 g4 30. h4 Kf5 31. g3 Ke6 32. Ke2 Nc7 33. Ke3 Kd5 34. Bc5 Nb5 35. a4 Nc3 36. a5 Nb5 37. a6 Ke5 38. a7 Nc7 39. Bb6 Na8 40. Bd8 Kd5 41. Kf4 Kd4 42. Be7 Kd5 43. Kg5 Ke6 44. Bc5 Kf7 45. Kxh5 Kg7 46. Kxg4 Kh7 47. Kf4 Nc7 48. Kxe4 Na8 49. f4 Nc7 50. g4 Na8 51. f5 Nc7 1-0

[Event "2025 Spring TNM: u1600"]
[Site "San Francisco"]
[Date "2025.04.15"]
[Round "7.23"]
[White "Barreyro, Romeo Belmes"]
[Black "Lee, Yinpok R"]
[Result "1-0"]
[WhiteElo "1500"]
[BlackElo "935"]
[PlyCount "91"]
[Beauty "7285740929545"]
[GameId "2167480724737350"]
[EventDate "2025.??.??"]

1. e4 c6 2. f4 d5 3. e5 e6 4. Nf3 Be7 5. d4 Nh6 6. c3 c5 7. Bd3 cxd4 8. cxd4 Nc6 9. Nc3 Bd7 10. a3 Qb6 11. Na4 Qc7 12. b4 a6 13. Bd2 O-O 14. O-O Nf5 15. Bxf5 exf5 16. Rc1 b5 17. Nc5 Rfc8 18. Re1 Be6 19. Re3 Qb6 20. Rec3 a5 21. R3c2 axb4 22. axb4 Ra7 23. Nb3 Rac7 24. Nc5 h6 25. Ra2 Ra7 26. Rca1 Rca8 27. Rxa7 Rxa7 28. Rc1 Ra2 29. Qb3 Qa7 30. Qd3 Qb6 31. Qc3 Bxc5 32. dxc5 Qa7 33. Nd4 Ra3 34. Nxc6 Rxc3 35. Nxa7 Rxc1+ 36. Bxc1 Kf8 37. c6 Ke8 38. Nxb5 Kd8 39. Nd4 Bc8 40. b5 Kc7 41. Bd2 Kb6 42. Kf2 g5 43. fxg5 hxg5 44. Bxg5 Kc5 45. Ke3 f4+ 46. Bxf4 1-0

[Event "2025 Spring TNM: u1600"]
[Site "San Francisco"]
[Date "2025.04.15"]
[Round "7.24"]
[White "Fisher, Brett"]
[Black "Smith, Daniel"]
[Result "1-0"]
[WhiteElo "1376"]
[BlackElo "1126"]
[PlyCount "51"]
[Beauty "8247008301064"]
[GameId "2167480724737351"]
[EventDate "2025.??.??"]

1. d4 d5 2. c4 Nf6 3. Nc3 e6 4. Bg5 g6 5. Bxf6 Qxf6 6. cxd5 Bg7 7. e3 O-O 8. Nf3 Re8 9. Be2 b6 10. O-O Bb7 11. Qb3 Nd7 12. Rac1 e5 13. Nb5 Ba6 14. Qa4 exd4 15. Nxc7 Nc5 16. Nxe8 Nxa4 17. Nxf6+ Bxf6 18. Bxa6 dxe3 19. fxe3 Bxb2 20. Rc8+ Rxc8 21. Bxc8 Ba3 22. Rd1 Nc3 23. Rd3 Bb4 24. d6 Ne2+ 25. Kf2 Nc1 26. Rd4 1-0